000 00355nam a22001577a 4500
005 20231207155959.0
008 231207b |||||||| |||| 00| 0 eng d
082 _a891.4
_bKAM
100 _aKamal,din
245 _aNakash i Kadam
250 _a1st ed.
260 _aKarachi
_bJamia Islamia
300 _a453
650 _aLiterature/Urdu
999 _c34838
_d34838